000 00353nam a2200145Ia 4500
008 230711s9999||||xx |||||||||||||| ||und||
041 _aENG
082 _a624
_bCL-S
100 _aClesceri,Lenore S.
245 0 _aStandard methods
250 _a1st . Ed.
260 _c1989
_aNew York
_bJohn Wiley & Sons.Inc
650 _aGENERAL ENGINEERING
942 _cBK
999 _c695
_d695